| 000 | 00635cam a2200241 4500 | ||
|---|---|---|---|
| 001 | ABS61087 | ||
| 008 | 000000n1999 000 0 eng u | ||
| 035 | _a(Sirsi) u101637 | ||
| 245 | _aRegional survey: Gloucestershire and Wiltshire. | ||
| 260 | _c1999 | ||
| 490 |
_aProperty Week _v4(33) 27 August 1999, 49-60(7) |
||
| 650 | _aGLOUCESTERSHIRE | ||
| 650 | _aWILTSHIRE | ||
| 650 | _aSWINDON | ||
| 650 | _aSALISBURY | ||
| 650 | _aCHELTENHAM | ||
| 650 | _aCIRENCESTER | ||
| 650 | _aSTROUD | ||
| 650 | _aCORSHAM | ||
| 650 | _aGLOUCESTER | ||
| 690 | _aPROPERTY-COMMERCIAL PROPERTY-COMMERCIAL PROPERTY MARKET | ||
| 942 | _n0 | ||
| 999 |
_c60765 _d60765 |
||